| 000 | 01192nam a2200325 4500 | ||
|---|---|---|---|
| 001 | 0000016739 | ||
| 003 | CO-CtgCURN | ||
| 005 | 20250515193749.0 | ||
| 007 | ta | ||
| 008 | 160627s1993 000 0 eng d | ||
| 020 | _a8488386044 | ||
| 020 | _a8488386011 | ||
| 040 |
_aCO-CtgCURN _bspa _ccoctgcurn |
||
| 082 | 0 |
_a720.94 _bL863e |
|
| 100 | 1 | _aLoos, Adolf. | |
| 245 | 1 | 0 |
_aEscritos / _cAdolf Loos. |
| 260 |
_aMadrid : _bEl croquis, _c1993. |
||
| 300 | _a2 V. | ||
| 336 | _2rdacontent | ||
| 337 |
_2rdamedia _asin mediacion _bn |
||
| 338 |
_2rdacarrier _avolumen _bnc |
||
| 490 | 1 | _aBiblioteca de Arquitectura | |
| 505 | 8 | _aV 1.--El museo austriaco.--El caso scala.--La moda de caballero.--Los sombreros de caballero.--De la escuela wagner.--Muebles.--Cristal y arcilla.--V 2.--CronologĂa.--LLamada a los bieneses.--Mi primera casa | |
| 650 | 1 | 4 |
_aArquitectura _vEnsayos, conferencias, etc. |
| 908 | _a160627 | ||
| 942 |
_cBK _h720.94 _iL863e _2ddc _n0 |
||
| 999 |
_c11115 _d11115 |
||